00606nam a2200229Ia 4500008004100000020001600041100001600057245001500073245004900088260001500137260002000152260000900172300002100181300002100202300001000223500006000233650001500293650001600308650002200324650002200346700000800368160803s9999 xx 000 0 und d a0 590060198 aDahl, Roald 4aThe BFG /  cRoald Dahl ; illustrations by Quentin Blake. aNew York : bScholastic Inc. c1982 aix, 208 pages :  billustrations ;  c18 cm aOriginally published: New York : Viking Penguin, c1982. aGiants --  aOrphans --  xJuvenile fiction. xJuvenile fiction. a720